MARC details
| 000 -LEADER |
| fixed length control field |
01727cab a22003135a 4500 |
| 001 - CONTROL NUMBER |
| control field |
L145251 |
| 008 - FIXED-LENGTH DATA ELEMENTS--GENERAL INFORMATION |
| fixed length control field |
080918s2008 xxk f v 000 0 eng d |
| 035 ## - SYSTEM CONTROL NUMBER |
| System control number |
(Sirsi) u145251 |
| 041 0# - LANGUAGE CODE |
| Language code of text/sound track or separate title |
eng |
| 245 00 - TITLE STATEMENT |
| Title |
Compulsory purchase and compensation update |
| Remainder of title |
2008 |
| 260 ## - PUBLICATION, DISTRIBUTION, ETC. |
| Date of publication, distribution, etc. |
2008 |
| 490 #0 - SERIES STATEMENT |
| Series statement |
Journal of Property Investment and Finance |
| Volume/sequential designation |
26(4) 2008, 326-368(8) |
| 520 ## - SUMMARY, ETC. |
| Summary, etc. |
Following the UK Government?s failure to implement a comprehensive review of compulsory purchase law, focuses on three cases where the courts have tried to deal with the problems of compulsory purchase by implementing many of the Law Commission?s proposals in this area by case law. Provides detailed discussion of: Moto Hospitality Ltd v Secretary of State for Transport (see L140296); Greenweb Ltd v Wandsworth LBC (see L142572); Spierose Ltd v Transport in London (L145181). Concludes that the outcomes show the limits of the courts ability to change established and statute case law principles. |
| 590 ## - LOCAL NOTE (RLIN) |
| Local note |
KA |
| 650 24 - SUBJECT ADDED ENTRY--TOPICAL TERM |
| Topical term or geographic name entry element |
WATERS V WELSH DEVELOPMENT AGENCY |
| 650 24 - SUBJECT ADDED ENTRY--TOPICAL TERM |
| Topical term or geographic name entry element |
MOTO HOSPITALITY LTD V SOS TRANSPORT |
| 650 24 - SUBJECT ADDED ENTRY--TOPICAL TERM |
| Topical term or geographic name entry element |
METROPOLITAN BOARD OF WORKS V MCCARTHY |
| 650 24 - SUBJECT ADDED ENTRY--TOPICAL TERM |
| Topical term or geographic name entry element |
WILDTREE HOTELS LTD AND OTHERS V HARROW LBC |
| 650 24 - SUBJECT ADDED ENTRY--TOPICAL TERM |
| Topical term or geographic name entry element |
JOLLIFFE V EXETER CORPORATION |
| 650 24 - SUBJECT ADDED ENTRY--TOPICAL TERM |
| Topical term or geographic name entry element |
GREENWEB LTD V WANDSWORTH LBC |
| 650 24 - SUBJECT ADDED ENTRY--TOPICAL TERM |
| Topical term or geographic name entry element |
NORTHERN METCO ESTATES LTD V PERTH AND KINROSS DC |
| 650 24 - SUBJECT ADDED ENTRY--TOPICAL TERM |
| Topical term or geographic name entry element |
JELSON V BLABY |
| 650 24 - SUBJECT ADDED ENTRY--TOPICAL TERM |
| Topical term or geographic name entry element |
SPIEROSE LTD V TRANSPORT IN LONDON |
| 650 24 - SUBJECT ADDED ENTRY--TOPICAL TERM |
| Topical term or geographic name entry element |
HOVERINGHAM GRAVELS LTD V CHILTERN DC |
| 650 24 - SUBJECT ADDED ENTRY--TOPICAL TERM |
| Topical term or geographic name entry element |
ABBEY HOMESTEADS GROUP LTD V SOS TRANSPORT |
| 651 #4 - SUBJECT ADDED ENTRY--GEOGRAPHIC NAME |
| Geographic name |
England and Wales |
| Chronological subdivision |
1543- |
| 690 ## - LOCAL SUBJECT ADDED ENTRY--TOPICAL TERM (OCLC, RLIN) |
| Topical term or geographic name as entry element |
ENVIRONMENTAL AND LAND CONSULTANCY-PLANNING AND DEVELOPMENT-COMPULSORY PURCHASE AND COMPENSATION |
| 942 ## - ADDED ENTRY ELEMENTS (KOHA) |
| Suppress in OPAC |
0 |